| 000 | 00000nam##2200000za#4500 |
| 001 | 9.639041 |
| 003 | CaOODSP |
| 005 | 20210624221953 |
| 007 | cr ||||||||||| |
| 008 | 150407|2008||||xxc|||||o f|0| 0 fre|d |
| 040 | |aCaOODSP|bfre |
| 043 | |an-cn--- |
| 086 | 1 |aSR5-2/2008F-PDF |
| 110 | 1 |aCanada.|bCommission des relations de travail dans la fonction publique. |
| 245 | 10|aÉtude de comparabilité de la rémunération dans le domaine des services techniques |h[ressource électronique] |
| 260 | |aOttawa - Ontario : |bCommission des relations de travail dans la fonction publique |cAvril 2008. |
| 300 | |a170p.|bglossaire, tableaux |
| 590 | |a11-14-Supp|b2011-08-12 |
| 775 | 08|tTechnical services compensation comparability study |w(CaOODSP)9.694872 |
| 856 | 40|ahttp://publications.gc.ca|qPDF|s1824 Ko|uhttps://publications.gc.ca/collections/collection_2011/crtfp-pslrb/SR5-2-2008-fra.pdf |